Normal view
MARC view
Entry Geographic Name
001 - CONTROL NUMBER
- control field: 29882
003 - CONTROL NUMBER IDENTIFIER
- control field: ARRUPE
005 - DATE AND TIME OF LATEST TRANSACTION
- control field: 20170412103135.0
008 - FIXED-LENGTH DATA ELEMENTS
- fixed length control field: 170412|| aca||aabn | a|a d
040 ## - CATALOGING SOURCE
- Original cataloging agency: ARRUPE
- Transcribing agency: ARRUPE
151 ## - HEADING--GEOGRAPHIC NAME
- Geographic name: South Africa
- General subdivision: History
- Chronological subdivision: Great Trek
670 ## - SOURCE DATA FOUND
- Source citation: Work cat.: (ARRUPE)0: Venter, Chris 29880, The Great trek /, 1985.